| 000 | 01161cam a22002651i 4500 | ||
|---|---|---|---|
| 003 | SA_RiAUC | ||
| 005 | 20250520084711.0 | ||
| 008 | 250518s1987____le g 000 0cara c | ||
| 040 |
_aSA-MaHRM _bara _cSA-RiAUC _erda |
||
| 082 | 0 | 4 |
_a922.58 _qSA-RiAUC |
| 090 |
_a922.58 _b ف ك و |
||
| 100 | 1 |
_aالفكون، عبد الكريم بن محمد بن عبد الكريم، _d988-1073 هجري _eمؤلف. |
|
| 245 | 1 | 0 |
_aمنشورات الهداية في كشف حال من أدعى العلم والولاية / _cعبد الكريم الفكون ؛ تقديم أبي القاسم سعد الله. |
| 250 | _aالطبعة الأولى. | ||
| 264 | 1 |
_aبيروت : _bدار الغرب الإسلامي، _c1987 |
|
| 300 |
_a277 صفحة ؛ _c24 سم |
||
| 336 |
_aنص _btxt _2rdacontent _3كتاب |
||
| 337 |
_aبدون وسيط _bn _2rdamedia |
||
| 338 |
_aمجلد _bnc _2rdacarrier |
||
| 650 | 7 |
_aالفقهاء التونسيون _vتراجم _2aucsh |
|
| 650 | 7 |
_aالفقهاء _vتراجم _2aucsh |
|
| 700 | 1 |
_aسعد الله، أبو القاسم، _d1930-2013 _eمقدم. |
|
| 942 |
_2ddc _cBOOK _n0 |
||
| 949 |
_aSA-JeALM _d250518 _umohamedma123 _n1 |
||
| 999 |
_c8137 _d8137 |
||